Statistics for Men in History by Picture

Click here to take the quiz!

General Stats

  • This quiz has been taken 2,495 times
    (1,492 since last reset)
  • The average score is 13 of 16

Answer Stats

Answer% Correct
Adolf Hitler
99%
Abraham Lincoln
98%
John F. Kennedy
98%
Mahatma Gandhi
98%
George Washington
94%
Julius Caesar
90%
Bill Gates
88%
George H.W. Bush
88%
Henry VIII of England
86%
Grigori Rasputin
85%
Leonardo da Vinci
75%
Franklin D. Roosevelt
74%
Emperor Hirohito
72%
Babe Ruth
69%
Charles de Gaulle
63%
Leon Trotsky
49%

Score Distribution

Percentile by Number Answered

Percent of People with Each Score

Your Score History

You have not taken this quiz since the last reset